Central Library OPAC University of Rajshahi

The revolution in Egypt's economic system: (Record no. 3884)

MARC details
000 -LEADER
fixed length control field 00943cam a2200265 4500
001 - CONTROL NUMBER
control field 3884
003 - CONTROL NUMBER IDENTIFIER
rucl marc code BD-RjUL
005 - DATE AND TIME OF LATEST TRANSACTION
control field 20211208233809.0
008 - FIXED-LENGTH DATA ELEMENTS--GENERAL INFORMATION
fixed length control field 131221s1966 enka bs 001 0 eng
035 ## - SYSTEM CONTROL NUMBER
System control number (BD-RjUL)3918
040 ## - CATALOGING SOURCE
Original cataloging agency DLC
Transcribing agency DLC
Modifying agency DLC
-- BD-RjUL
Language of cataloging eng
041 ## - LANGUAGE CODE
Language code of text/sound track or separate title eng
082 00 - DEWEY DECIMAL CLASSIFICATION NUMBER
Classification number 338.962
Author mark and year OBR
100 1# - MAIN ENTRY--PERSONAL NAME
Personal name O'Brien, Patrick Karl.
9 (RLIN) 12393
245 14 - TITLE STATEMENT
Title The revolution in Egypt's economic system:
Remainder of title from private enterprise to socialism, 1952-1965
Statement of responsibility, etc. [by] Patrick O'Brien.
260 ## - PUBLICATION, DISTRIBUTION, ETC. (IMPRINT)
Place of publication, distribution, etc. London,
-- New York [etc.]
Name of publisher, distributor, etc. Issued under the auspices of the Royal Institute of International Affairs [by] Oxford U.P.,
Date of publication, distribution, etc. c1966.
300 ## - PHYSICAL DESCRIPTION
Pagination xvii, 354 p. :
Illustrations tables.;
Size 22.12 cm.
350 ## - PRICE (NR) (BK AM CF MU VM SE) [OBSOLETE]
Price 55/-
504 ## - BIBLIOGRAPHY, ETC. NOTE
Bibliography, etc Bibliography: p. 338-348 and index.
651 #0 - SUBJECT ADDED ENTRY--GEOGRAPHIC NAME
Geographic name Egypt
General subdivision Economic conditions
Chronological subdivision 1952-1970.
9 (RLIN) 12394
710 2# - ADDED ENTRY--CORPORATE NAME
Corporate name or jurisdiction name as entry element Royal Institute of International Affairs.
9 (RLIN) 5859
942 ## - ADDED ENTRY ELEMENTS (KOHA)
Source of classification or shelving scheme Dewey Decimal Classification
Koha item type Books
Holdings
Lost status Source of classification or shelving scheme Damaged status Not for loan Collection code Permanent Location Current Location Shelving location Date acquired Source of acquisition Cost, normal purchase price Total Checkouts Full call number Date last seen Copy number Koha item type
  Dewey Decimal Classification   Not For Loan Non-fiction Central Library, University of Rajshahi Central Library, University of Rajshahi Reading Room 15/07/1970 Sweets & Zeitlinger 55.00   338.962 OBR 1966 21/12/2013 C-1 Books